000 00721cam a2200265 a 4500
001 1728832
003 GBCCL
005 20241126110409.0
008 841220s1962 tnu 000 0 eng d
010 _a 62011538 //r
035 _a(OCoLC)ocn683799616
035 _a1728832
040 _aTBT
_cTBT
_dYUS
049 _aYUTI
082 _a266.0095
_bCRA
099 _aMR1
_aC859n
100 1 _aCrawley, Winston,
_d1920-
_93752
245 1 0 _aNew frontiers in an old world /
_cWinston Crawley.
260 _aNashville, Tenn. :
_bConvention Press,
_cc1962.
300 _a130 p. :
_bill. ;
_c19 cm.
650 0 _aMissions
_zEast Asia.
_93753
650 0 _aBaptists
_xMissions.
_92908
942 _2ddc
_cBK
948 _aRECON
999 _c1806
_d1806